चिन्दी-चिन्दी अक्स / (Record no. 48431)

MARC details
000 -LEADER
fixed length control field 01032nam a22002417a 4500
005 - DATE AND TIME OF LATEST TRANSACTION
control field 2010101908158.0
008 - FIXED-LENGTH DATA ELEMENTS--GENERAL INFORMATION
fixed length control field 101019t xxu||||| |||| 00| 0 hin d
010 ## - LCCN (DPL NO)
LC control number HIN-90882
020 ## - INTERNATIONAL STANDARD BOOK NUMBER
International Standard Book Number 9788191052176
Terms of availability 150.00
035 ## - SYSTEM CONTROL NUMBER
System control number HN-63228
037 ## - SOURCE OF ACQUISITION
Source of stock number/acquisition DBAD / PUB
040 ## - CATALOGING SOURCE
Original cataloging agency DPL
Language of cataloging HN
082 ## - DEWEY DECIMAL CLASSIFICATION NUMBER
Classification number
100 ## - MAIN ENTRY--PERSONAL NAME
Personal name पांडे, नवरत्न
9 (RLIN) 23632
245 ## - TITLE STATEMENT
Title चिन्दी-चिन्दी अक्स /
Statement of responsibility, etc नवरत्न पांडे
246 ## - VARYING FORM OF TITLE
Title proper/short title Chindi Chindi Aksh
Remainder of title by Navratn Panday
260 ## - PUBLICATION, DISTRIBUTION, ETC. (IMPRINT)
Place of publication, distribution, etc नई दिल्ली
Name of publisher, distributor, etc बाल निधी
Date of publication, distribution, etc 2010
270 ## - ADDRESS
Address 6/36, प्रथम तल, विक्रम विहार, लाजपत नगर-iv
City नई दिल्ली
Postal code 110024
300 ## - PHYSICAL DESCRIPTION
Extent 104पृ.
Dimensions 22सेमी (सजिल्द)
650 ## - SUBJECT ADDED ENTRY--TOPICAL TERM
9 (RLIN) 657
942 ## - ADDED ENTRY ELEMENTS (KOHA)
Source of classification or shelving scheme Dewey Decimal Classification
Item type Hindi Books
Classification part
Call number suffix पांडेन
Holdings
Withdrawn status Lost status Source of classification or shelving scheme Damaged status Not for loan Collection code Home library Current library Date acquired Source of acquisition Cost, normal purchase price Total Checkouts Full call number Barcode Date last seen Copy number Cost, replacement price Koha item type
    Dewey Decimal Classification   Not For Loan Fiction D.B.Act.Division D.B.Act.Division 19/10/2010 DBAD / PUB 150.00   क पांडेन HN-63228 19/10/2010 1 150.00 Hindi Books

© Delhi Public Library
Hit Counter
free hit counter